| 000 -LEADER |
| fixed length control field |
nam a22 a 4500 |
| 003 - CONTROL NUMBER IDENTIFIER |
| control field |
AM-YeNLA |
| 005 - DATE AND TIME OF LATEST TRANSACTION |
| control field |
20260409151459.0 |
| 006 - FIXED-LENGTH DATA ELEMENTS--ADDITIONAL MATERIAL CHARACTERISTICS |
| fixed length control field |
a||||gr|||| 000 f |
| 007 - PHYSICAL DESCRIPTION FIXED FIELD--GENERAL INFORMATION |
| fixed length control field |
ta |
| 008 - FIXED-LENGTH DATA ELEMENTS--GENERAL INFORMATION |
| fixed length control field |
260409s1895 tu ||||gr|||| 000 f tur | |
| 040 ## - CATALOGING SOURCE |
| Original cataloging agency |
AM-YeNLA |
| Language of cataloging |
arm |
| Transcribing agency |
AM-YeNLA |
| 041 1# - LANGUAGE CODE |
| Language code of text/sound track or separate title |
tur |
| Language code of original |
fre |
| 100 1# - MAIN ENTRY--PERSONAL NAME |
| Personal name |
Պըլօ, Ատօլֆ |
| 245 10 - TITLE STATEMENT |
| Title |
Պէյազ գըրավաթլը իւչ տէլիգանլըլար = |
| Remainder of title |
[Սպիտակ փողկապով երեք երիտասարդ] ։ |
| Number of part/section of a work |
1-ին հտ. ։ |
| Name of part/section of a work |
Վուգույի ճինայէթ ; |
| Number of part/section of a work |
2-րդ հտ. ։ |
| Name of part/section of a work |
Նէթիճէյի ճինայէթ / |
| Statement of responsibility, etc. |
Ա. Պըլօ ; Միւթէրճիմի՝ Մ. Թիւթիւնճեան ; Նաշիրի՝ Կարապէտ Պիպէրեան. |
| 246 13 - VARYING FORM OF TITLE |
| Title proper/short title |
[Սպիտակ փողկապով երեք երիտասարդ] |
| 260 ## - PUBLICATION, DISTRIBUTION, ETC. (IMPRINT) |
| Place of publication, distribution, etc. |
Սթանպօլ : |
| Name of publisher, distributor, etc. |
տպ. Կ. Պիպէրեան, |
| Date of publication, distribution, etc. |
1895. |
| 300 ## - PHYSICAL DESCRIPTION |
| Extent |
328+335 էջ ; |
| Dimensions |
22 սմ. |
| 500 ## - GENERAL NOTE |
| General note |
Երկու հատորը՝ մեկ կազմում՝ առանձին էջակալությամբ ։ Երկրորդ հատորն ունի առանձին տիտղոսաթերթ ։ |
| 500 ## - GENERAL NOTE |
| General note |
Գիրքը թվայնացվել է Հայաստանի ազգային գրադարանում 2026 թ. ապրիլին ։ |
| 650 14 - SUBJECT ADDED ENTRY--TOPICAL TERM |
| 9 (RLIN) |
36205 |
| Topical term or geographic name as entry element |
Ֆրանսիական արձակ |
| 650 24 - SUBJECT ADDED ENTRY--TOPICAL TERM |
| 9 (RLIN) |
39188 |
| Topical term or geographic name as entry element |
Հայատառ թուրքերեն գրքեր |
| 700 1# - ADDED ENTRY--PERSONAL NAME |
| Relator code |
trl |
| Personal name |
Թյությունճյան, Մկրտիչ Սարգսի, |
| Dates associated with a name |
?-1896 |
| Relator term |
թարգմ. |
| 700 1# - ADDED ENTRY--PERSONAL NAME |
| Relator code |
pbl |
| Personal name |
Պիպէրեան, Կարապետ |
| Relator term |
հրատ. |
| 9 (RLIN) |
35332 |
| 856 41 - ELECTRONIC LOCATION AND ACCESS |
| Uniform Resource Identifier |
https://haygirk.nla.am/upload/1512-1940/1851-1900/plo_payaz_gravathly_ivch_teliganlar_1-2_1895.pdf |
| Link text |
Կարդալ առցանց |
| 942 ## - ADDED ENTRY ELEMENTS (KOHA) |
| Source of classification or shelving scheme |
|
| Koha item type |
Books |
| 998 ## - LOCAL CONTROL INFORMATION (RLIN) |
| Cataloger's initials, CIN (RLIN) |
AS |